| 000 | 00791nam a2200241Ia 4500 | ||
|---|---|---|---|
| 003 | OSt | ||
| 005 | 20220923221704.0 | ||
| 006 | a|||||r|||| 00| 0 | ||
| 007 | ta | ||
| 008 | 220922b |||||||| |||| 00| 0 hin d | ||
| 024 | _a199,330 | ||
| 037 | _cTextual | ||
| 040 |
_aARTS _cARTS _bhin |
||
| 041 |
_2hin _ahin |
||
| 082 | _aQ:4173:9, 152K2 | ||
| 100 |
_aविधासागर _9156277 |
||
| 245 | 0 | _aअष्टोत्तरनामालिका युधिष्ठिर भीमांसा | |
| 246 | _aAṣhṭottaranāmālikā yudhiṣhṭhir bhīmāansā | ||
| 260 | _c1990 | ||
| 490 | _aमामराजसिंह ग्रंथमाला; 3 | ||
| 942 |
_hQ:4173:9, 152K2 _cTEXL _2CC |
||
| 999 |
_c351105 _d351105 |
||